000
00204nam a2200109Ia 4500
100
_a
#N/A
942
_c
BK
654
_a
software
245
_a
Software testing tools
260
_b
#N/A
546
_a
ENGLISH
999
_c
24716
_d
24716